Wzmacniacz operacyjny i jego zastosowania / (Rekord nr 9931)
| 000 -ETYKIETA REKORDU | |
|---|---|
| podpole kontrolne o stałej długości | 00813naa a2200157 i 4500 |
| 001 - NUMER KONTROLNY REKORDU | |
| podpole kontrolne | 9931 |
| 003 - IDENTYFIKATOR NUMERU KONTROLNEGO REKORDU | |
| podpole kontrolne | KOSZ 005 |
| 005 - DATA OSTATNIEJ MODYFIKACJI REKORDU | |
| podpole kontrolne | 20180412102810.0 |
| 008 - POLE O STAŁEJ DŁUGOŚCI - DANE KONTROLNE | |
| podpole kontrolne o stałej długości | 080714s2008 pl fq |000 0 pol |
| 040 ## - ŹRÓDŁO KATALOGOWANIA | |
| Instytucja, która sporządziła opis | WA N |
| Instytucja, która utworzyła rekord | WA N |
| Instytucja, która dokonała modyfikacji | KOSZ 005/HR |
| 100 ## - NAZWA OSOBOWA | |
| Nazwa osobowa | SOKOŁOWSKI, Stanisław. |
| Instytucja | Politechnika Koszalińska - Wydział Mechaniczny, |
| Wydział | Katedra Zastosowań Elektroniki i Elektrotechniki |
| Lata pracy | 1996 - . |
| 245 10 - TYTUŁ/ODPOWIEDZIALNOŚĆ | |
| Tytuł | Wzmacniacz operacyjny i jego zastosowania / |
| Pozostałe elementy strefy tytułu i oznaczenia odpowiedzialności | Stanisław Sokołowski. |
| 538 ## - WYMAGANIA TECHNICZNE | |
| Tekst uwagi | Wymagania systemowe: IBM PC; Windows 98 lub nowszy; Acrobat Reader; czytnik CD-ROM. |
| 773 ## - TYTUŁ DOKUMENTU MACIERZYSTEGO | |
| Wyrażenie wprowadzające | W : |
| Tytuł | Podstawy elektrotechniki i elektroniki dla nieelektryków. T. 1, Laboratorium. [CD] / pod red. Jerzego Smyczka. - |
| Adres wydawniczy | Koszalin : Wydaw. Uczelniane Politechniki Koszalińskiej, 2008. - |
| Informacje dotyczące relacji | s. 271-307. |
| ISBN | 9788373651555 |
| 942 ## - HASŁO DODATKOWE - ELEMENTY(KOHA) | |
| Schemat klasyfikacji | Uniwersalna klasyfikacja dziesiętna |
| Typ dokumentu | Rozdział |
Brak dostępnych egzemplarzy.
